000 00807nam a2200253 i 4500
001 C2-0282657
003 PPAK
005 20180728012945.0
008 071017s2007 nyua|||| ||||| | eng d
020 _a1402747497
040 _aPPAK
_beng
_cPPAK
_erda
082 0 4 _a973.922092
_223
090 0 0 _a973.922092
_bHOD
_dR
100 1 _aHodge, Marie,
_eauthor
245 1 0 _aJohn F. Kennedy :
_bvoice of hope
264 1 _aNew York :
_bSterling Publishing Co., Inc ,
_c2007
300 _a124 pages :
_billustrations ;
_c20 cm
336 _2rdacontent
_atext
337 _2rdamedia
_aunmediated
338 _2rdacarrier
_avolume
500 _aIncludes bibliographical references and index
650 1 0 _aKennedy, John F. (John Fitzgerald), 1917-1963 ; Presidents--United States--Biography
942 _ddc
_cB
999 _c88878
_d88878